La réponse commence par Y - Statistiques

Statistiques générales
  • Ce quiz a été pris 660 fois
  • Le résultat moyen est 13 sur 20
Statistiques - réponses
Indices Réponses % Correct
Ils vous permettent de voir Yeux
98%
Unité monétaire du Japon Yen
93%
Jouet que l'on fait monter et descendre le long d'un fil grâce à un axe reliant deux petits disques Yo-yo
90%
Maître Jedi vert de petite taille Yoda
87%
État anciennement formé par la Croatie, la Slovénie, la Bosnie, la Serbie et quelques autres pays Yougoslavie
87%
Pays dont la devise est Dieu, la patrie, la révolution Yemen
84%
Département français portant le numéro 78 Yvelines
83%
Site web d'hébergement de vidéos créé en 2005 Youtube
82%
Humanoïde légendaire occupant l'Himalaya Yeti
79%
Ruminant domestique à longue toison de l'Himalaya Yack
76%
Dinosaure vert accompagnant le plus célèbre plombier des jeux vidéo Yoshi
72%
Technique hindoue permettant de maîtriser les fonctions vitales du corps afin de libérer l'esprit de ses contraintes Yoga
69%
Mafieu japonais Yakuza
65%
Film où le personnage interprété par Jim Carrey décide de dire oui à tout Yes Man
62%
Plus vaste comté du Royaume-Uni Yorkshire
51%
Langue germanique parlée par les communautés juives Yiddish
45%
Une des chansons des Beatles les plus connues Yellow Submarine
42%
Antagoniste du film d'animation Disney Kuzco, l'empereur mégalo Yzma
20%
Fleuve traversant la Belgique et la France Yser
19%
Série de bande dessinée belge mettant en scène une ingénieure japonaise en électronique Yoko Tsuno
13%
Aucun quiz correspondant
Distribution des résultats
% des personnes avec chaque résultat
Percentile par nombre de réponses
Votre historique - résultats
Vous n’avez pas pris ce quiz